000 00788nam a2200217Ia 4500
005 20240530102219.0
008 140319s9999 xx 000 0 ara d
040 _aGCL /
_cGCL
082 0 4 _a413.1 /
_bع ق
100 1 _aعبدالحميد ابراهيم
245 1 0 _aقاموس الالوان عند العرب /
_cعبدالحميد ابراهيم
260 _aالقاهرة :
_bالهيئة المصرية العامة للكتاب،
_c1989
300 _a302 ص؛
_b24 سم
650 0 4 _aالشعر العربى
650 0 4 _aالحضارة العربية الاسلامية - المعارف البحرية
650 0 4 _aاللغة العربية
650 0 4 _aالمعاجم
650 0 4 _aالالوان
942 _2ddc
_cBK
999 _c30608
_d30608